00827nam a2200253 a 450000100060000000300080000600500170001400800410003102000180007203500190009004000240010904100080013308200330014110000220017424500660019626000480026230000280031049000370033850400560037565000390043165000170047071000440048771000420053153279BD-RjUL20211209075934.0161228s2009 bg b 000 0 eng  a9843000028244 a(BD-RjUL)53399 aDLCcDLCdDLC5beng aeng 223 a362.5095496 bBAS 2009 1 aBanskota, Mahesh.10aStructural dimensions of poverty in Nepal /cMahesh Banskota. aDhaka :bCentre for Policy Dialogue,c2009. axviii, 172 p. ;c25 cm.0 aCPD-SACEPS monograph series ;v4 aIncludes bibliographical references (p. [161]-172). 0aPovertyxGovernment policyzNepal. 0aPoorzNepal.2 aCentre for Policy Dialogue (Bangladesh)2 aSouth Asia Centre for Policy Studies.